Statistics for Easy Greek Mythology Quiz

Click here to take the quiz!

General Stats

  • This quiz has been taken 101 times
  • The average score is 11 of 14

Answer Stats

HintAnswer% Correct
Greek god of the sky, lightning, and stormsZeus
99%
Greek god of riches and the deadHades
93%
Greek god of warAres
91%
Greek goddess of wisdom, war, and battle strategiesAthena
89%
Greek goddess of love and beautyAphrodite
88%
Greek goddess of the hunt and the moonArtemis
81%
Greek god of music, prophecy, archery, and the sunApollo
80%
Greek goddess of marriageHera
78%
Greek god of thieves and travelHermes
76%
Greek god of wine and revelryDionysus
70%
Greek goddess of agricultureDemeter
65%
Greek goddess of the hearthHestia
58%
Greek god of water, horses, and earthquakesPosiedon
48%
Greek god of blacksmiths, craft, and fireHepheastus
43%

Score Distribution

Percentile by Number Answered

Percent of People with Each Score

Your Score History

You have not taken this quiz